Data, chance & probability : grades 1-3 : activity book

Saved in:
Bibliographic Details
Main Author: Jones, Graham A.
Other Authors: Thornton, Carol A.
Format: Book
Language:English
Published: Lincolnshire, Illinois : Learning resources, 1992
Subjects:
Tags: Add Tag
No Tags, Be the first to tag this record!

MARC

LEADER 00000cam a2200000 i 4500
001 1/25207
008 020620s1992 eng d
020 |a 1-56911-998-8 
035 |l 10068023 
040 |a GR-MY-UA  |b gre  |e aacr 
041 0 |a eng 
082 0 |a 519.20285 
100 1 |a Jones, Graham A. 
245 1 0 |a Data, chance & probability :  |b grades 1-3 : activity book /  |c Graham A. Jones, Carol A. Thornton 
246 3 3 |a Data, chance and probability 
260 |a Lincolnshire, Illinois :   |b Learning resources,   |c 1992 
300 |a 80 p. 
650 0 0 |a Probabilities  |x Data processing. 
700 1 |a Thornton, Carol A. 
852 |a INST  |b RHODES  |e 20020620  |h 519.20285 JON  |p 005400016410  |q 005400016410  |t BK  |y 0 
901 |a BIBL4-2002-2 
909 |a Ρ  |b 101253 
970 |a ΚΟΥΛΑΚΙΟΤΗ  |b ΛΙΤΣΑ  |z 2002/06/20